000 00765nam a2200217Ia 4500
001 11684
003 GE_BSU
008 181216s||||||||xx |||||||||||||| ||und||
040 _cGE_BSU
080 _a636.4.083+636.4.084
100 _aპოპიაშვილი,ი.
245 _aღორის მოვლა და კვება.
245 _cსაზოგ.რედ:ნ.მელითაური;მხატვ:ა.სარჩიმელიძე.
260 _aთბილისი.
260 _bსაბჭოთა საქართველო.
260 _c1965.
300 _a230გვ;21სმ.
300 _eდანართი გვ:222.
653 _aღორის მოვლა და კვება.
942 _cBK
999 _c44869
_d44869